000 00637nmm a2200205Ia 4500
008 251105s9999||||xx |||||||||||||||||und||
020 _a9786071669971
041 _aspa
100 _aReed, John
245 0 _aDetrás de Billy Sunday
264 _a[México D.C., Mexico] :
_bFondo de Cultura Económica,
_c[Fecha de publicación no identificada]
300 _a43 páginas
490 _aVientos del Pueblo
650 _aSocial Sciences (General)
700 _aReed, John
700 1 _a Taibo II, Paco Ignacio
700 1 _a Fernández, Bernardo "Bef"
856 _uhttps://public.digitaliapublishing.com/a/100410
942 _cCF
999 _c70402
_d70402